000 00493nam a2200169 i 4500
001 140763
003 ES-MaACL
005 20240516063049.0
007 t|
008 070917s1906 xxk ||||1| eng d
100 0 _aWells, H. G.,
_d1866-1946
_9116458
245 1 4 _aThe future in America
_b: a search after realities /
_cH. G. Wells.
260 _aLondon :
_bChapman and Hall,
_c1906.
300 _a359 p. ;
_c23 cm.
852 _aES-MaACL
_jF-2293
999 _c140763
_d140763